000 00744nam a2200253 a 4500
001 46118
003 BD-RjUL
005 20211209054118.0
008 160731s19661958enkab 011 1 eng
035 _a(BD-RjUL) 46236
035 _a(DLC)58003132
035 _a(UkLCURL)9858003132
040 _aDLC
_beng
_erda
_cNjR
_dUk
_dBD-RjUL
_dUkOxU
041 _aeng
082 _223
_a428.6496
_bJOL 1958
100 1 _aJohn-Parsons, D. St.
_9140968
245 1 0 _aLegends of northern Ghana /
_cby D. St. John-Parsons.
260 _aLondon :
_bLongmans,
_c1958 [ impression1966]
300 _avii, 70 p :
_bill ;
_c19 cm.
500 _aIncludes index.
650 0 _aTales
_zGhana.
_9140969
650 0 _aReaders (Elementary)
_9140970
942 _2ddc
_cBK
999 _c46118
_d46118